00414nam a2200145Ia 4500008004100000020001500041041000800056082001300064100003900077245006200116250000600178260005100184300001400235650001900249210716s1985 xx 000 0 und d a0155188410 aeng a330 BAUW aBaumol, William J;Blinder, Alan S. aEconomics: principles and policy.bPrinciples and policy. a3 aNew YorkbHarcourt brace jovanovich incc1985 axxxii,875 aEconomics(330)